Intermediate accounting 2019 : (Record no. 1832)

MARC details
000 -LEADER
fixed length control field 00560nam a22001817a 4500
003 - CONTROL NUMBER IDENTIFIER
control field OSt
005 - DATE AND TIME OF LATEST TRANSACTION
control field 20240702082801.0
008 - FIXED-LENGTH DATA ELEMENTS--GENERAL INFORMATION
fixed length control field 240702b |||||||| |||| 00| 0 eng d
020 ## - INTERNATIONAL STANDARD BOOK NUMBER
International Standard Book Number 978-621-416-065-5
040 ## - CATALOGING SOURCE
Original cataloging agency DWC- Main Lib
Transcribing agency OC
082 ## - DEWEY DECIMAL CLASSIFICATION NUMBER
Classification number Fil. 657.044 V172i 2019
100 ## - MAIN ENTRY--PERSONAL NAME
Personal name Valix T. Conrado
245 ## - TITLE STATEMENT
Title Intermediate accounting 2019 :
Remainder of title volume 3 /
Statement of responsibility, etc. Valix T. Conrado
260 ## - PUBLICATION, DISTRIBUTION, ETC.
Place of publication, distribution, etc. Manila, Philippines:
Name of publisher, distributor, etc. GIC Enterprises & CO., Inc.
Date of publication, distribution, etc. c2019.
300 ## - PHYSICAL DESCRIPTION
Extent 743 pages :
Other physical details illustrations ;
Dimensions 23cm.
650 ## - SUBJECT ADDED ENTRY--TOPICAL TERM
Topical term or geographic name entry element 1. Accounting
942 ## - ADDED ENTRY ELEMENTS (KOHA)
Source of classification or shelving scheme Dewey Decimal Classification
Koha item type Book-Filipiniana
Suppress in OPAC Yes
952 ## - LOCATION AND ITEM INFORMATION (KOHA)
--
952 ## - LOCATION AND ITEM INFORMATION (KOHA)
--
952 ## - LOCATION AND ITEM INFORMATION (KOHA)
--
952 ## - LOCATION AND ITEM INFORMATION (KOHA)
--
952 ## - LOCATION AND ITEM INFORMATION (KOHA)
--
Holdings
Withdrawn status Lost status Source of classification or shelving scheme Damaged status Not for loan Home library Current library Date acquired Source of acquisition Cost, normal purchase price Total Checkouts Full call number Barcode Date last seen Copy number Price effective from Koha item type Uniform Resource Identifier
    Dewey Decimal Classification     College Library College Library 09/30/2019 School Fund 450.00   Fil. 657.044 V172i 2019 52258 07/02/2024 c1 07/02/2024 BK - FIL
    Dewey Decimal Classification     College Library College Library 09/30/2019 School Fund 450.00   Fil. 657.044 V172i 2019 52259 07/02/2024 c2 07/02/2024 BK - FIL
    Dewey Decimal Classification     College Library College Library 09/30/2019 School Fund 450.00   Fil. 657.044 V172i 2019 52260 07/02/2024 c3 07/02/2024 BK - FIL
    Dewey Decimal Classification     College Library College Library 09/30/2019 School Fund 450.00   Fil. 657.044 V172i 2019 52262 07/02/2024 c4 07/02/2024 BK - FIL
    Dewey Decimal Classification     College Library College Library 09/30/2019 School Fund 450.00   Fil. 657.044 V172i 2019 52261 07/02/2024 c5 07/02/2024 BK - FIL